IFM Opac

INTRODUCTION TO SOCIAL SECURITY (Record no. 20955)

MARC details
000 -LEADER
fixed length control field 00319nam a22001217a 4500
082 ## - DEWEY DECIMAL CLASSIFICATION NUMBER
Classification number 368.4
245 ## - TITLE STATEMENT
Title INTRODUCTION TO SOCIAL SECURITY
260 ## - PUBLICATION, DISTRIBUTION, ETC.
Place of publication, distribution, etc. SWITZERLAND
Name of publisher, distributor, etc. INTERNATIONAL LABOUR OFFICE
Date of publication, distribution, etc. 1970
300 ## - PHYSICAL DESCRIPTION
Extent IX,216P
Other physical details ILL;20CM
500 ## - GENERAL NOTE
General note Include further reading
650 ## - SUBJECT ADDED ENTRY--TOPICAL TERM
Topical term or geographic name entry element SOCIAL SECURITY
9 (RLIN) 1249
942 ## - ADDED ENTRY ELEMENTS (KOHA)
Koha item type Books
Holdings
Withdrawn status Lost status Damaged status Not for loan Home library Current library Shelving location Date acquired Source of acquisition Total Checkouts Full call number Date last seen Price effective from Koha item type
        IFM Main Campus Library IFM Main Campus Library Special Reserve Collection 10/26/2021 donation   368.4 10/26/2021 10/26/2021 Books